| 000 | 00476nam a22001817a 4500 | ||
|---|---|---|---|
| 999 |
_c16743 _d16743 |
||
| 003 | OSt | ||
| 005 | 20180322093104.0 | ||
| 008 | 180322b xxu||||| |||| 00| 0 eng d | ||
| 020 | _a9789385998744 | ||
| 040 | _cKABU | ||
| 050 |
_aQA 403.5 _bW43 2017 C.1 |
||
| 100 | _aWeaver, H. Joseph | ||
| 245 |
_aDiscrete and Continuous Fourier Analysis _cH. Joseph Weaver |
||
| 260 |
_aIndia _bMedtech _c2017 |
||
| 300 | _axii, 375p. | ||
| 650 | _aFourier analysis | ||
| 942 |
_2lcc _cBK |
||